000 00334nam a2200133Ia 4500
005 20251222144909.0
008 251222s9999||||xx |||||||||||||| ||spa||
020 _a84-7530-168-1
082 _a891.744/S66U
100 _aSolzhenitsin, Alexander
245 0 _aUn Día en la Vida de Iván Denísovich
264 _bOrbis
942 _cLIB
999 _c22271
_d22271